| 000 | 00931nam0a22002651 4500 | ||
|---|---|---|---|
| 001 | rc\4336192 | ||
| 005 | 20250612052520.0 | ||
| 021 |
_aRU _b[62-39419] |
||
| 035 | _a(NLR Aleph) 008520787 | ||
| 090 |
_a8227129 _c8227129 |
||
| 100 | _a20130416d1962 |||y0rusy50 ca | ||
| 101 | 0 | _arus | |
| 102 | _aRU | ||
| 105 | _aa z |||a| | ||
| 200 | 1 |
_aВыстрел в землянке _e[Повесть _eДля сред. школьного возраста] |
|
| 210 |
_aТомск _cКн. изд-во _d1962 |
||
| 215 |
_a52 с. _cил. _d20 |
||
| 606 |
_aДети в Великой Отечественной войне 1941-1945 гг. (д. л.) _2psbo |
||
| 700 | 1 |
_7ca _8rus _aГусев _bА. В. _cписатель _f1921-2010 _gАлександр Васильевич _9229089 _3RU\NLR\AUTH\770229145 |
|
| 801 | 0 |
_aRU _bNLR _gpsbo |
|
| 801 | 1 |
_aRU _bELAR _2rusmarc |
|
| 852 |
_aNLR _j62-4/9565 |
||
| 942 | _cBOOK | ||
| 980 | _aNB | ||